| 000 | 01675nam a2200253 4500 | ||
|---|---|---|---|
| 001 | 0000008484 | ||
| 005 | 20250329165444.0 | ||
| 008 | 180125s2021 000 0 eng d | ||
| 040 |
_aCO-CtgCURN _bspa _ccoctgcurn |
||
| 082 | 0 |
_aINQ 2021 _bA524 |
|
| 100 | 1 | _aAmor Vergara, Angie. | |
| 245 | 1 | 0 |
_aFactores asociados a enfermedad renal crónica en tres hogares para ancianos en Cartagena - Colombia / _cAngie Amor Vergara; Alberto Cuello Sierra; Jaime Lorduy Gómez. |
| 260 |
_aCartagena de Indias : _bCorporación Universitaria Rafael Nuñez, _c2021. |
||
| 300 | _a11 hojas. | ||
| 502 | _aTrabajo de Grado. (Instrumentador Quirurgico). Corporación Universitaria Rafael Nuñez . Facultad de Ciencias de la Salud . Programa de Instrumentación Quirúrgica, 2021. | ||
| 520 | _a" La enfermedad renal crónica es una patología progresiva; es una enfermedad progresiva donde la velocidad de filtrado glomerular es tan baja que puede resultar incompatible con la vida. En casos particulares la patología es difícil de identificar por los métodos tradicionales usados para evaluar la función renal, lo que se conoce como enfermedad renal oculta. " | ||
| 650 | 0 |
_aInstumentacion quirurgica _vTesis y Disertaciones Academicas. |
|
| 700 | 1 |
_aCuello Sierra, Alberto, _cAsesor. |
|
| 700 | 1 |
_aLorduy Gómez, Jaime, _cAsesor. |
|
| 856 | 7 |
_uhttps://unicurn.sharepoint.com/:b:/s/biblioteca/EaJREeOfeidEqtFd6U2ggAkB2JB3pO1aQld3kOljmnT_UQ?e=fL6b6F _zClick aqui para ver el recurso en texto completo |
|
| 856 | 7 | _zClick aqui para ver el recurso en texto completo | |
| 942 |
_2ddc _cTG _hINQ 2021 _iA524 |
||
| 999 |
_c4595 _d4595 |
||